La Virgen de Fátima (Registro nro. 21628)

Detalles MARC
000 -Cabecera
Campo de control interno 00814nam a2200265Ia 4500
005 - Fecha y hora del registro
control field 20260320113300.0
008 - Elementos de Longitud Fija
fixed length control field 260320s9999||||xx |||||||||||||| ||und||
020 ## - ISBN
ISBN 9788432132445
041 ## - Idioma
Codigo Idioma ESP
082 ## - DEWEY y NOTACIÓN INTERNA
Dewey 232.917
Notación Interna B24
100 ## - AUTOR
Autor denominación Barthas, R.,
Término de relación autor
245 #0 - TÍTULO DE MATERIAL BIBLIOGRÁFICO
Título  La Virgen de Fátima
Título paralelo
246 ## - TÍTULO TRADUCIDO
Título Fátima merville du XXsiecle. Il était trois petits enfants
Título paralelo
Autor
250 ## - EDICIÓN
Edición Decimotercera edición
260 ## - CIUDAD, EDITORIAL, AÑO
Ciudad Madrid :
Nombre de la Editorial Ediciones Rialp,
Año 2009
300 ## - DESCRIPCIÓN
N° Páginas 415 páginas :
Otros detalles
Dimensiones 24 cm.
Material Adicional
440 ## - MENCIÓN DE SERIE
Título de la Serie
Número de Serie
Volumen de Serie
650 ## - TEMAS
Temas Religión
653 ## - DESCRIPTORES
Lenguajes no controlado Virgen de fátima, milagros y apariciones
654 ## - PROGRAMAS
Programa Dpto. de Humanidades
700 ## - OTROS AUTORES
Otros autores
Títulos y otras palabras asociadas con el nombre
856 ## - URL - UBICACIÓN
URI/URL: Enlace exacto del recurso <a href="https://go-gale-com.ucsp.lookproxy.com/ps/start.do?p=IFME&u=ucsp">https://go-gale-com.ucsp.lookproxy.com/ps/start.do?p=IFME&u=ucsp</a>
Nota pública: Versión digital <a href="Véase además: Base de datos Gale ">Véase además: Base de datos Gale </a>
942 ## - ELEMENTOS DE KOHA
Tipo de documento Libro
Nombre del creador Justo Noguera
Código de catalogador Mirtha Ponce
Esquema de clasificación Dewey Decimal Classification
Suppress in OPAC
Existencias
Codigo completo Registro Colección Copia número Disponibilidad Tipo de préstamo Biblioteca Actual Procedencia (Biblioteca) Ubicacón Fecha Ingreso Tipo de Adquisición Observación Date last seen Total checkouts Price effective from Tipo de Item Estado del Material Fuente de Clasificación Damaged status Withdrawn status
232.917 B24 1085009 Universidad Católica San Pablo 1 Disponible Disponible Víctor Andrés Belaunde Víctor Andrés Belaunde Planta baja cerrada 10/03/2026 Compra Contabilidad 20/03/2026   20/03/2026 Libro Bueno Dewey Decimal Classification